|
|
|
|
| LEADER |
00000naa2a2200000 4500 |
| 001 |
144712 |
| 005 |
20231220145029.0 |
| 035 |
|
|
|a (RuTPU)RU\TPU\book\156834
|
| 090 |
|
|
|a 144712
|
| 100 |
|
|
|a 20081007d2005 k y0rusy50 ca
|
| 101 |
0 |
|
|a rus
|
| 102 |
|
|
|a RU
|
| 200 |
1 |
|
|a База данных структурного подразделения вуза
|f В. Н. Коробко, С. Г. Цапко
|
| 320 |
|
|
|a Библиогр.: 1 назв.
|
| 463 |
|
0 |
|0 (RuTPU)RU\TPU\book\118408
|t Молодежь и современные информационные технологии
|o сборник трудов III Всероссийской научно-практической конференции студентов, г. Томск, 15 февраля - 17 февраля 2005 г.
|f Томский политехнический университет
|v С. 240-241
|d 2005
|p 284 с.
|
| 610 |
1 |
|
|a вузы
|
| 610 |
1 |
|
|a структура
|
| 610 |
1 |
|
|a подразделения
|
| 610 |
1 |
|
|a базы данных
|
| 610 |
1 |
|
|a учёт
|
| 610 |
1 |
|
|a материальные ценности
|
| 610 |
1 |
|
|a программные средства
|
| 610 |
1 |
|
|a труды учёных ТПУ
|
| 700 |
|
1 |
|a Коробко
|b В. Н.
|
| 701 |
|
1 |
|a Цапко
|b С. Г.
|c специалист в области информатики и вычислительной техники
|c доцент Томского политехнического университета, заведующий лабораторией, кандидат технических наук
|f 1973-
|g Сергей Геннадьевич
|3 (RuTPU)RU\TPU\pers\27092
|9 12642
|
| 801 |
|
1 |
|a RU
|b 63413507
|c 20081007
|g PSBO
|
| 801 |
|
2 |
|a RU
|b 63413507
|c 20151211
|g RCR
|
| 942 |
|
|
|c BK
|